| 000 | 00455nam a22001817a 4500 | ||
|---|---|---|---|
| 005 | 20230717114057.0 | ||
| 008 | 230717b |||||||| |||| 00| 0 eng d | ||
| 020 | _a9788120337213 | ||
| 082 |
_a621.815 _bJOH-T |
||
| 100 | _aJohn, K. C | ||
| 245 | _aTextbook of Machine Drawing | ||
| 260 |
_aIndia _bPHI Learning Pvt Lmt. _c2009 |
||
| 300 | _a346 | ||
| 500 | _aInclude Index | ||
| 650 | _aMechanical/Engineering | ||
| 700 | _aJohn, K. C | ||
| 999 |
_c26017 _d26017 |
||